Movies Quiz

Random Movies or Oscar Quiz

Parting Shots IV - Oscar Edition Quiz Stats

Quiz Updated Jul 15, 2016

Challenge
Share
Tweet
Score 0/20 Timer 05:00
5 Plays Today
% Correct
Rocky
91.2%
Driving Miss Daisy
69.2%
Rain Man
65.7%
No Country for Old Men
62.9%
Gladiator
49.4%
The Godfather
48.8%
Amadeus
44.1%
West Side Story
44%
Chariots of Fire
44%
Braveheart
40.5%
% Correct
One Flew Over the Cuckoo's Nest
35.9%
The Sting
35.2%
On the Waterfront
34.9%
The Departed
31.4%
The Hurt Locker
28.3%
Oliver!
23.4%
A Beautiful Mind
20.9%
Shakespeare In Love
9.5%
Hamlet
7.1%
Going My Way
6.2%

You're not logged in!

Compare scores with friends on all Sporcle quizzes.
Join for Free
OR
Log In

You Might Also Like...

Show Comments

Extras

Top Quizzes Today


Score Distribution

Your Account Isn't Verified!

In order to create a playlist on Sporcle, you need to verify the email address you used during registration. Go to your Sporcle Settings to finish the process.

Report this User

Report this user for behavior that violates our Community Guidelines.

Details: